00805cam a2200229 a 4500003000900000008004100009020001500050020001800065040002800083082002500111100003400136245006200170250001100232260003400243300005800277504006300335650003200398650003200430650002700462650003600489650005000525CO-ViMGA140626t 2008mx ad r 001 0 spa d a9701066308 a9789701066300 aCO-ViMGAbspacCO-ViMGA04a658.15bR15 20082211 aRamírez Padilla, David Noel10aContabilidad administrativacDavid Noel Ramírez Padilla a8a ed. aMéxicobMcGraw-Hillcc2008. axv, 607 p.bilustraciones, diagramas y tablasc27 cm. aIncluye referencias bibliográficas, glosario e índice.24aAdministración financiera24aContabilidad administrativa24aContabilidad de costos24aPresupuesto (Empresas privadas)24aSistemas de información en administración